[Event "CHI-chT"]
[Site "Santiago de Chile"]
[Date "2012.12.13"]
[Round "7"]
[White "Torres del Fierro, Gonzalo"]
[Black "Sepulveda Herrera, Job Rodrigo"]
[Result "1/2-1/2"]
[WhiteElo "1953"]
[BlackElo "2290"]
[PlyCount "123"]
[EventDate "2012.11.22"]
[EventType "team-tourn"]
[EventRounds "9"]
[EventCountry "CHI"]
[SourceTitle "EXT 2014"]
[Source "ChessBase"]
[SourceDate "2013.11.20"]
[SourceVersion "1"]
[SourceVersionDate "2013.11.20"]
[SourceQuality "1"]

1. d4 e5 2. dxe5 Nc6 3. Nf3 Qe7 4. e6 dxe6 5. c3 Bd7 6. Qc2 0-0-0 7. e4 g6 8. Bg5 f6 9. Be3 Bh6 10. Bxh6 Nxh6 11. Nbd2 e5 12. 0-0-0 Be6 13. Bc4 Ng4 14. Bxe6+ Qxe6 15. Nb3 h5 16. h3 Nh6 17. Kb1 Nf7 18. Qe2 Rxd1+ 19. Rxd1 Rd8 20. Nc5 Qe7 21. Rxd8+ Ncxd8 22. Nb3 Ne6 23. g3 Qd7 24. Nbd2 c6 25. Kc2 b6 26. Qa6+ Kb8 27. Qd3 Kc7 28. Qxd7+ Kxd7 29. Kd3 Nd6 30. h4 a5 31. Nc4 Nxc4 32. Kxc4 g5 33. Nd2 gxh4 34. gxh4 Nf4 35. a4 Nh3 36. f3 Nf4 37. Nf1 Ng2 38. Ng3 Nxh4 39. Nxh5 Nxf3 40. Nxf6+ Ke6 41. Ng4 Nd2+ 42. Kd3 Nb3 43. Kc4 Nc5 44. Nf2 Nxa4 45. b4 axb4 46. Kxb4 Nc5 47. c4 Kf7 48. Kc3 Kg6 49. Kd2 Kg5 50. Ke3 b5 51. cxb5 cxb5 52. Nd1 Kg4 53. Nc3 b4 54. Nb1 Nb3 55. Kd3 Nd4 56. Nd2 Kf4 57. Nc4 Nb5 58. Nd2 Nd4 59. Nc4 b3 60. Nb2 Kf3 61. Nc4 Kf2 62. Kc3 1/2-1/2